000
00300nam a2200121Ia 4500
008
190216s9999||||xx |||||||||||||| ||und||
100
_a
Arthur I Vogel
245
0
_a
Practical Organic Chemistry
260
_b
English Language Book Society
_c
1968
300
_a
1188p
650
_a
Chemistry
942
_c
BK
999
_c
2065
_d
2065